000 00836nam a22002175i 4500
001 157912
003 ES-MaACL
005 20250804062752.0
008 990525s1839 fr |||| | fre d
040 _aCCPB | B
_bspa
_cCCPB | B
100 1 _aLocke, John (
_d1632-1704)
_9222867
245 1 0 _aOeuvres de Locke et Leibnitz
_b: contenant l'essai sur l'entendement humain /
_crevu, corrigé et accompagné de notes, par M. F. Thurot.
260 _aParis :
_bFirmin Didot Frères,
_c1839 (
_fImprimeurs de l'Institut de France)
300 _aXVII, 676 p. ;
_c26 cm.
650 7 _aFilosofía
_2embne
_912802
700 1 _aLeibniz, Gottfried Wilhelm
_c, Freiherr von.
_971367
700 1 1 _aThurot, M. F.,
_eed. lit.
_9133244
752 _aFrancia -
_dParís
852 _aES-MaACL
_jF-13155
_z-- Enc. cartón
999 _c157912
_d157912